Derecho comercial. Actos de comercio. Noción general de empresa individual y colectiva

সংরক্ষণ করুন:
গ্রন্থ-পঞ্জীর বিবরন
প্রধান লেখক: Sandoval López, Ricardo (autor)
বিন্যাস: গ্রন্থ
ভাষা:স্প্যানিশ
প্রকাশিত: Santiago, Chile: Jurídica de Chile, 2007
সংস্করন:Séptima edición actualizada
মালা:Colección Manuales Jurídicos, 83-1
বিষয়গুলি:
ট্যাগগুলো: ট্যাগ যুক্ত করুন
কোনো ট্যাগ নেই, প্রথমজন হিসাবে ট্যাগ করুন!

MARC

LEADER 00000nam a2200000 a 4500
001 UCG4201
003 CL-VaPUC
005 20240718120556.0
008 101018e20070000CL |||||||||||||||||spa|d
999 |c 343036  |d 343034 
020 |a 9561016001 
040 |c Pontificia Universidad Católica de Valparaíso 
082 0 4 |a 346.07 SAN 2007  |2 21 
100 |a Sandoval López, Ricardo  |e autor  |9 170 
245 1 0 |a Derecho comercial.  |b Actos de comercio. Noción general de empresa individual y colectiva 
250 |a Séptima edición actualizada  
260 |a Santiago, Chile:  |b Jurídica de Chile,  |c 2007 
300 |a Tomo 1, volumen 1. 
490 0 |a Colección Manuales Jurídicos, 83-1 
583 |a last modification  |c 20101018 00:00:00  |k Rodrigo Vera 
650 0 |a Derecho comercial chileno  |9 430902 
650 0 |a Actos del comercio  |9 382241 
650 0 |a Derecho comercial  |x Comerciantes  |9 890207 
650 0 |a Protección al consumidor  |9 255293 
650 0 |a Protección a la libre competencia  |9 709899 
650 0 |a Empresas individuales de responsabilidad limitada  |9 890205 
650 0 |a Código de comercio   |9 329302 
650 0 |a Establecimiento de comercio  |9 661185 
650 0 |a Ordenamiento jurídico   |9 355371 
942 |c BK  |2 ddc 
945 |d 20101018 00:00:00  |a mfarfan 
952 |0 0  |1 0  |4 0  |6 346_070000000000000_SAN_2007  |7 0  |8 A  |9 439954  |a BIBDER  |b BIBDER  |d 2019-11-22  |h t.1 v.1  |i 4726782  |l 1  |m 5  |o 346.07 SAN 2007  |p 4726782  |q 2025-12-31  |r 2020-03-04  |s 2020-03-04  |w 2019-11-22  |y BK  |k DER 
952 |0 0  |1 0  |4 0  |6 346_070000000000000_SAN_2007  |7 0  |8 A  |9 439955  |a BIBDER  |b BIBDER  |d 2019-11-22  |h t.1 v.1  |i 4726790  |l 4  |o 346.07 SAN 2007  |p 4726790  |r 2023-01-25  |s 2022-07-11  |w 2019-11-22  |y BK  |k DER 
952 |0 0  |1 0  |4 0  |6 346_070000000000000_SAN_2007  |7 0  |8 A  |9 439956  |a BIBDER  |b BIBDER  |d 2019-11-22  |h t.1 v.1  |i 4726804  |l 2  |o 346.07 SAN 2007  |p 4726804  |r 2025-05-09  |s 2025-05-05  |w 2019-11-22  |y BK  |k DER 
952 |0 0  |1 0  |2 ddc  |4 0  |6 346_070000000000000_SAN_2007  |7 0  |8 A  |9 595777  |a BIBDER  |b BIBDER  |d 2024-07-18  |h t.1 v.1  |i 4484886  |o 346.07 SAN 2007  |p 4484886  |r 2024-07-18  |w 2024-07-18  |y BK  |k DER 
952 |0 0  |1 0  |2 ddc  |4 0  |6 346_070000000000000_SAN_2007  |7 0  |8 A  |9 595778  |a BIBDER  |b BIBDER  |d 2024-07-18  |h t.1 v.1  |i 4386310  |o 346.07 SAN 2007  |p 4386310  |r 2024-07-18  |w 2024-07-18  |y BK  |k DER